載入...

Functional Analysis

書目詳細資料
主要作者: Rudin, Walter
格式: Printed Book
語言:Undetermined
出版: NewDelhi : TATA McGraw-Hill Publishing Co., 2010
版:2 ed.
主題:
LEADER 00524nam a2200157Ia 4500
008 200324s9999 xx 000 0 und d
082 |a 515.7  |b RUD-F 
100 |a Rudin, Walter 
245 0 |a Functional Analysis 
250 |a 2 ed. 
260 |a NewDelhi :  |b TATA McGraw-Hill Publishing Co.,  |c 2010 
300 |a 424p. 
650 |a Functional analysis-- Mathematics 
942 |c BK 
999 |c 282736  |d 282736 
952 |0 0  |1 0  |4 0  |6 515_700000000000000_RUDF  |7 0  |9 301279  |a SDE  |b SDE  |d 2011-06-16  |l 0  |o 515.7 RUD-F  |p SDE18404  |r 2020-03-27  |w 2020-03-27  |y BK